00509 a2200205 4500260001000000630003800010037001200048650002600060100002100086260001700107245004000124300001100164650004300175650002900218260000900247300001000256100000700266037001200273020001800285 aParis a33 - Economie. Economie politique b1, WVSC a3 - SCIENCES SOCIALES aFassassi, Assani bEd. Al Qalam aSursaut de l'Afrique qu'on achève a432 p. aAfrique noire : politique économique aAfrique noire : Progès c1995 b23 cm lFr aL 15309 a2-909469-15-8